[Event "Chessable Masters Play In"]
[Site "Chess.com INT"]
[Date "2024.01.31"]
[Round "7"]
[White "Ivic, Velimir"]
[Black "Prohaszka, Peter"]
[Result "1-0"]
[WhiteElo "2567"]
[BlackElo "2578"]
[PlyCount "93"]
[EventDate "2024.01.31"]
[EventType "swiss (rapid)"]
[EventRounds "9"]
[EventCountry "USA"]
[SourceTitle "CB06_2024"]
[SourceDate "2024.02.07"]
[SourceVersion "1"]
[SourceVersionDate "2024.02.07"]
[SourceQuality "1"]

1. e4 c6 2. Nf3 d5 3. Nc3 dxe4 4. Nxe4 Nf6 5. Qe2 Nxe4 6. Qxe4 Be6 7. b3 Nd7 8. Bb2 Nf6 9. Qe2 Bg4 10. 0-0-0 e6 11. h3 Bxf3 12. Qxf3 Qa5 13. Kb1 Be7 14. g4 Qd5 15. Bg2 Qxf3 16. Bxf3 Rg8 17. g5 Nd5 18. h4 a5 19. Be4 g6 20. c4 Nf4 21. Be5 Nh5 22. d4 f6 23. Bc7 fxg5 24. hxg5 Bxg5 25. d5 exd5 26. cxd5 Bd8 27. Bh2 cxd5 28. Bxd5 Rg7 29. Bd6 Be7 30. Be5 Nf6 31. Bxb7 Rd8 32. Bc6+ Kf8 33. Rxd8+ Bxd8 34. Rd1 Be7 35. Bc3 Rf7 36. Bxa5 Ng4 37. f3 Ne5 38. Bd5 Rf5 39. Be4 Rh5 40. Bc3 Bf6 41. a4 Kf7 42. a5 Rh2 43. a6 Nxf3 44. Bxf6 Nd2+ 45. Rxd2 Rxd2 46. a7 Rd1+ 47. Kc2 1-0

[Event "HUN-ch"]
[Site "Budapest"]
[Date "2023.12.19"]
[Round "8"]
[White "Kantor, Gergely"]
[Black "Prohaszka, Peter"]
[Result "1/2-1/2"]
[WhiteElo "2531"]
[BlackElo "2579"]
[PlyCount "61"]
[EventDate "2023.12.12"]
[EventType "swiss"]
[EventRounds "9"]
[EventCountry "HUN"]
[SourceTitle "CB52_2023"]
[SourceDate "2023.12.27"]
[SourceVersion "1"]
[SourceVersionDate "2023.12.27"]
[SourceQuality "1"]

1. d4 Nf6 2. c4 e6 3. Nf3 Bb4+ 4. Nbd2 d5 5. g3 0-0 6. Bg2 b6 7. 0-0 Bb7 8. b3 a5 9. Bb2 Na6 10. Ne5 Be7 11. Rc1 c5 12. cxd5 exd5 13. Ndc4 Ra7 14. Ne3 Re8 15. Nf5 Bf8 16. dxc5 bxc5 17. Qd2 h6 18. Rfd1 Nb4 19. a3 d4 20. Nxd4 Bxg2 21. Nb5 Qxd2 22. Rxd2 Rb7 23. Kxg2 Rxb5 24. axb4 Rxb4 25. Nc6 Ne4 26. Rd3 Rb5 27. Rc2 f6 28. f3 Ng5 29. Bc3 Rxb3 30. Nxa5 Rbb8 31. Nc4 1/2-1/2

[Event "Titled Tuesday intern op 15th Aug Early"]
[Site "Chess.com INT"]
[Date "2023.08.15"]
[Round "9"]
[White "Yelisieiev, Yevhenii"]
[Black "Prohaszka, Peter"]
[Result "0-1"]
[WhiteElo "2401"]
[BlackElo "2581"]
[PlyCount "130"]
[EventDate "2023.08.15"]
[EventType "swiss (blitz)"]
[EventRounds "11"]
[EventCountry "USA"]
[SourceTitle "EXT 2024"]
[Source "ChessBase"]
[SourceDate "2023.10.10"]
[SourceVersion "1"]
[SourceVersionDate "2023.10.10"]
[SourceQuality "1"]

1. d4 Nf6 2. Nf3 g6 3. g3 Bg7 4. Bg2 0-0 5. 0-0 Nc6 6. d5 Nb8 7. c4 d6 8. Nc3 c6 9. e4 a5 10. Re1 e5 11. dxe6 Bxe6 12. Qe2 Nfd7 13. Ng5 Na6 14. Bf4 Be5 15. Bxe5 Nxe5 16. Nxe6 fxe6 17. f4 Nd7 18. Rad1 Nb6 19. e5 d5 20. cxd5 cxd5 21. Ne4 Kg7 22. Bh3 Qe7 23. Ng5 Nc5 24. Qg4 Rae8 25. Kh1 h6 26. Nf3 Ne4 27. Rxe4 dxe4 28. Nd4 Rf5 29. Bg2 h5 30. Qe2 Rff8 31. Bxe4 Rd8 32. Bc2 Rg8 33. Qe4 Kh8 34. Bb3 Nd5 35. Nxe6 Qxe6 36. Rxd5 Qc6 37. Qd4 Rxd5 38. Bxd5 Qc1+ 39. Kg2 Rd8 40. e6+ Kh7 41. e7 Re8 42. Qe5 Qc2+ 43. Kh3 Qf5+ 44. Qxf5 gxf5 45. Be6 Kg6 46. Bd5 Rxe7 47. b3 b6 48. a4 Re2 49. Bc4 Rb2 50. Bd5 Rd2 51. Bc4 Kf6 52. Bg8 Rb2 53. Bc4 Rc2 54. Bg8 h4 55. gxh4 Rc3+ 56. Kg2 Kg6 57. Bd5 Kh5 58. Be6 Kg4 59. h5 Rc2+ 60. Kf1 Rxh2 61. h6 Rxh6 62. Bc4 Kxf4 63. Ke2 Rh2+ 64. Kd3 Ke5 65. Ke3 Rh3+ 0-1

[Event "Titled Tuesday intern op 08th Aug Late"]
[Site "Chess.com INT"]
[Date "2023.08.08"]
[Round "11"]
[White "Mizzi, Jack"]
[Black "Prohaszka, Peter"]
[Result "0-1"]
[WhiteElo "2007"]
[BlackElo "2581"]
[PlyCount "56"]
[EventDate "2023.08.08"]
[EventType "swiss (blitz)"]
[EventRounds "11"]
[EventCountry "USA"]
[SourceTitle "EXT 2024"]
[Source "ChessBase"]
[SourceDate "2023.10.10"]
[SourceVersion "1"]
[SourceVersionDate "2023.10.10"]
[SourceQuality "1"]

1. d4 d5 2. c4 e6 3. Nf3 Nf6 4. g3 Be7 5. Bg2 0-0 6. 0-0 c6 7. Nbd2 b6 8. Qc2 Bb7 9. e4 Na6 10. e5 Nd7 11. b3 Rc8 12. Bb2 c5 13. Rac1 dxc4 14. Ng5 Bxg5 15. Bxb7 Nb4 16. Qd1 Rc7 17. Bg2 Nd3 18. Nxc4 Nxb2 19. Nxb2 Bxc1 20. Qxc1 cxd4 21. Qd2 Nxe5 22. f4 Ng4 23. Nc4 b5 24. Na3 a6 25. Rd1 Ne3 26. Re1 Nxg2 27. Kxg2 Qd5+ 28. Kg1 d3 0-1

[Event "Titled Tuesday intern op 08th Aug Early"]
[Site "Chess.com INT"]
[Date "2023.08.08"]
[Round "8"]
[White "Prohaszka, Peter"]
[Black "Baghdasaryan, Vahe"]
[Result "1-0"]
[WhiteElo "2581"]
[BlackElo "2257"]
[PlyCount "47"]
[EventDate "2023.08.08"]
[EventType "swiss (blitz)"]
[EventRounds "11"]
[EventCountry "USA"]
[SourceTitle "EXT 2024"]
[Source "ChessBase"]
[SourceDate "2023.10.10"]
[SourceVersion "1"]
[SourceVersionDate "2023.10.10"]
[SourceQuality "1"]

1. d4 d5 2. Nf3 Nf6 3. c3 Bf5 4. Qb3 b6 5. Bf4 e6 6. e3 h6 7. Bb5+ Nfd7 8. Ne5 a6 9. Qa4 f6 10. Nc6 Nxc6 11. Bxc6 Ra7 12. Nd2 Be7 13. c4 dxc4 14. Qxc4 0-0 15. e4 b5 16. Qb3 Kh8 17. exf5 exf5 18. d5 g5 19. Be3 Nc5 20. Qc2 Qd6 21. b4 Ne4 22. Nxe4 Qxb4+ 23. Nd2 f4 24. Bxa7 1-0

[Event "Titled Tuesday intern op 08th Aug Early"]
[Site "Chess.com INT"]
[Date "2023.08.08"]
[Round "4"]
[White "Prohaszka, Peter"]
[Black "Di Nicolantonio, Lucas"]
[Result "0-1"]
[WhiteElo "2581"]
[BlackElo "2383"]
[PlyCount "140"]
[EventDate "2023.08.08"]
[EventType "swiss (blitz)"]
[EventRounds "11"]
[EventCountry "USA"]
[SourceTitle "EXT 2024"]
[Source "ChessBase"]
[SourceDate "2023.10.10"]
[SourceVersion "1"]
[SourceVersionDate "2023.10.10"]
[SourceQuality "1"]

1. d4 d5 2. Nf3 Nf6 3. c3 c6 4. Bf4 Bf5 5. Qb3 Qb6 6. e3 e6 7. Nbd2 Nbd7 8. c4 Qxb3 9. Nxb3 Bb4+ 10. Nfd2 Nh5 11. Bg5 h6 12. Bh4 g5 13. Bg3 Nxg3 14. hxg3 a5 15. a3 Bd6 16. c5 Bc7 17. Nc1 e5 18. Bd3 e4 19. Be2 Ke7 20. Na2 Nf6 21. Nc3 h5 22. Kd1 h4 23. gxh4 gxh4 24. Kc2 Rag8 25. Bf1 Ng4 26. Nd1 Nh2 27. Be2 Rxg2 28. b4 Bg4 29. Bxg4 Nxg4 30. Rb1 h3 31. bxa5 h2 32. Rxb7 Kd7 33. Nf1 Nxf2 34. Nxf2 Rxf2+ 35. Kc3 Rxf1 36. Rxf1 h1Q 37. Rxh1 Rxh1 38. a6 Rh8 39. Kb4 Ra8 40. Kb3 Rxa6 41. Ka2 f5 42. Rb2 f4 43. exf4 Bxf4 44. Rb7+ Ke6 45. Kb3 e3 46. Kc2 Rxa3 47. Rb8 Ra2+ 48. Kb3 Rd2 49. Re8+ Kf5 50. Kc3 e2 51. Rf8+ Ke4 52. Rxf4+ Kxf4 53. Kxd2 Ke4 54. Kxe2 Kxd4 55. Kd2 Kxc5 56. Kc3 d4+ 57. Kd3 Kd5 58. Kd2 c5 59. Kc2 c4 60. Kd2 Ke4 61. Kc2 Ke3 62. Kd1 d3 63. Kc1 Ke2 64. Kb2 d2 65. Kc3 d1Q 66. Kb2 Qb3+ 67. Ka1 Qb4 68. Ka2 Kd3 69. Ka1 Kc3 70. Ka2 Qb2# 0-1

[Event "Titled Tuesday intern op 08th Aug Early"]
[Site "Chess.com INT"]
[Date "2023.08.08"]
[Round "2"]
[White "Prohaszka, Peter"]
[Black "Goncharov, Vladimir"]
[Result "1-0"]
[WhiteElo "2581"]
[BlackElo "2077"]
[PlyCount "73"]
[EventDate "2023.08.08"]
[EventType "swiss (blitz)"]
[EventRounds "11"]
[EventCountry "USA"]
[SourceTitle "EXT 2024"]
[Source "ChessBase"]
[SourceDate "2023.10.10"]
[SourceVersion "1"]
[SourceVersionDate "2023.10.10"]
[SourceQuality "1"]

1. d4 Nf6 2. Nf3 e6 3. c3 d5 4. Bg5 Be7 5. Nbd2 Nbd7 6. e3 c5 7. Bd3 b6 8. 0-0 Bb7 9. a4 a6 10. Qb1 h6 11. Bh4 0-0 12. b4 cxd4 13. exd4 Rc8 14. Rc1 Ne8 15. Bxe7 Qxe7 16. a5 b5 17. Nb3 Nd6 18. Nc5 Rce8 19. Re1 Bc8 20. Ra2 Nc4 21. Rae2 Qf6 22. Bxc4 dxc4 23. Qe4 Nxc5 24. bxc5 Rd8 25. Ne5 Rd5 26. Nc6 Bb7 27. Nb4 Qg5 28. h4 Qh5 29. c6 Ba8 30. Nxd5 exd5 31. Qe8 g5 32. Qxf8+ Kxf8 33. Re8+ Kg7 34. Rxa8 gxh4 35. c7 h3 36. c8Q hxg2 37. Qh8+ 1-0